ការសិក្សាពីការវិនិយោគទុនទៅលើការចិញ្ចឹមត្រូីឆ្ដោតាមបែស្រុកពញ្ញាឭ ខេត្តកណ្ដាល (Record no. 3610)

000 -LEADER
fixed length control field 00601nam a22001577a 4500
003 - CONTROL NUMBER IDENTIFIER
control field OSt
005 - DATE AND TIME OF LATEST TRANSACTION
control field 20151118154528.0
008 - FIXED-LENGTH DATA ELEMENTS--GENERAL INFORMATION
fixed length control field 151118b xxu||||| |||| 00| 0 eng d
040 ## - CATALOGING SOURCE
Transcribing agency RUA
082 ## - DEWEY DECIMAL CLASSIFICATION NUMBER
Classification number FIS ឈុន 1994 B155 Or.1
100 ## - MAIN ENTRY--PERSONAL NAME
9 (RLIN) 3883
Personal name ឈុន វណ្ណៈ
245 ## - TITLE STATEMENT
Title ការសិក្សាពីការវិនិយោគទុនទៅលើការចិញ្ចឹមត្រូីឆ្ដោតាមបែស្រុកពញ្ញាឭ ខេត្តកណ្ដាល
260 ## - PUBLICATION, DISTRIBUTION, ETC. (IMPRINT)
Place of publication, distribution, etc. Phnom Penh
Name of publisher, distributor, etc. RUA
Date of publication, distribution, etc. 1994
300 ## - PHYSICAL DESCRIPTION
Extent 88p.
Other physical details ill.
Dimensions 29cm.
942 ## - ADDED ENTRY ELEMENTS (KOHA)
Source of classification or shelving scheme
Koha item type FIS
Holdings
Price effective from Date last seen Permanent Location Not for loan Date acquired Source of classification or shelving scheme Koha item type Barcode Lost status Damaged status Shelving location Withdrawn status Current Location Full call number
2015-11-182015-11-18Library Block B 2015-11-18 FISRUA027019  B155 Library Block BFIS ឈុន 1994 B155 Or.1
2015-11-182015-11-18Library Block B 2015-11-18 FISRUA011920  B155 Library Block BFIS ឈុន 1994 B155 Or.2
2015-11-182015-11-18Library Block B 2015-11-18 FISRUA011782  B155 Library Block BFIS ឈុន 1994 B155 Or.3
2015-11-182015-11-18Library Block B 2015-11-18 FISRUA011637  B155 Library Block BFIS ឈុន 1994 B155 Or.4
2015-11-182015-11-18Library Block B 2015-11-18 FISRUA011847  B155 Library Block BFIS ឈុន 1994 B155 Or.5
2015-11-182015-11-18Library Block B 2015-11-18 FISRUA011549  B155 Library Block BFIS ឈុន 1994 B155 Or.6
2015-11-182015-11-18Library Block B 2015-11-18 FISRUA011710  B155 Library Block BFIS ឈុន 1994 B155 Or.7
2015-11-182015-11-18Library Block B 2015-11-18 FISRUA011566  B155 Library Block BFIS ឈុន 1994 B155 Or.8
2015-11-182015-11-18Library Block B 2015-11-18 FISRUA011984  B155 Library Block BFIS ឈុន 1994 B155 Or.9
2015-11-182015-11-18Library Block B 2015-11-18 FISRUA011914  B155 Library Block BFIS ឈុន 1994 B155 Or.10
មជ្ឈមណ្ឌលឯការនៃសាកលវិទ្យាល័យភូមិន្ទកសិកម្មចំការដូង

Powered by Koha